Discursos pronunciados por Don Lorenzo Serra y Torres

Salvato in:
Dettagli Bibliografici
Ente Autore: Confederación de Congregaciones Marianas Hispno-Americanas (Autore)
Natura: Libro
Lingua:spagnolo
Pubblicazione: Santiago Claret 1927
Soggetti:
Tags: Aggiungi Tag
Nessun Tag, puoi essere il primo ad aggiungerne!!

MARC

LEADER 00000nam a2200000 a 4500
001 UCI4880
003 CL-VaPUC
008 080307e19270000CL |||||||||||||||||spa|d
082 0 4 |a 253.7  |b CON  |2 21 
110 2 |a Confederación de Congregaciones Marianas Hispno-Americanas  |e author  |9 526956 
245 1 0 |a Discursos pronunciados por Don Lorenzo Serra y Torres 
300 |a 88 p 
942 |c BK 
945 |d 20080307 00:00:00  |a rbrito 
260 |a Santiago  |b Claret  |c 1927 
500 |a Donación padres capuchinos 
600 0 7 |a SERRA Y TORRES, LORENZO  |2 CL-VaPUC  |9 526957 
650 7 |a ORIENTACION PASTORAL  |2 CL-VaPUC  |9 475694 
650 0 |a Discursos religiosos   |9 526958 
650 7 |a MARIONOLOGIA  |2 CL-VaPUC  |9 526959 
583 |a last modification  |c 20080307 00:00:00  |k Rodrigo Vera 
999 |c 328727  |d 328725 
952 |0 0  |1 0  |4 0  |6 253_700000000000000_CON_1927  |7 0  |8 X  |9 412799  |a FDOBUD  |b FDOBUD  |d 2019-11-22  |i 4408055  |o 253.7 CON 1927  |p 4408055  |r 2019-11-22  |w 2019-11-22  |y BK_X  |k BUD